01243nab a22002417a 4500999001500000003000400015005001700019008004100036040000700077100002800084245011900112260004200231300001200273500003600285505032500321505008900646650002600735650003200761650004300793650003200836773012000868942001300988 c6578d6578OSt20260225131848.0190506c xxu||||| |||| 00| 0 spa d cPJ 94448aMedici, Silvia D.13a¿El principio in dubio pro operario se encuentra vigente o fue derogado por la Ley de Bases? /cSilvia D. Medici. aBuenos Aires :bAbeledoPerrot,c2025. ap. 7-16 aCita: TR LALEY AR/DOC/540/2025. aSumario: I. Introducción.— II. Principio in dubio pro operario: doctrinas a favor y en contra. Interpretación y vigencia.— III. La Ley de Bases, su reglamentación, los derechos del trabajador y la vigencia del principio in dubio pro operario. — IV. Nuestra postura.— V. Conclusiones.— VI. Bibliografía. t¿Te interesa el texto completo? Comunicate al correo: koha@justierradelfuego.gov.ar 091316aDERECHO LABORAL 091514aPROCEDIMIENTO LABORAL 091462aCONFLICTOS COLECTIVOS DE TRABAJO 091539aIN DUBIO PRO OPERARIO0 0275193202dBuenos Aires : AbeledoPerrot, 2013-tRevista de derecho laboral y seguridad social. Nº 8 - Abril 2025 2udccANA